Capítulo IV. Las penurias de la exclusión social /

El presente texto presenta un deseo de recuperación de la visión donde los antagonistas sociales ocupen el lugar que les corresponde. Se limita a una perspectiva estructural, pero con consecuencias también para la comprensión de la acción social, se quiere cuestionar las perspectivas dominantes en e...

Повний опис

Збережено в:
Бібліографічні деталі
Автор: Pérez Sáinz, Juan Pablo
Інші автори: Mora Salas, Minor
Формат: Текст
Мова:Spanish
Опубліковано: San José: FLACSO
Предмети:
Теги: Додати тег
Немає тегів, Будьте першим, хто поставить тег для цього запису!

MARC

LEADER 00000 a a2200000 04500
001 35669
003 cru IIS
005 20230509104207.0
008 230509b |||||||| |||| 00| 0 spa d
020 |a 978-9977-68-147-4  
040 |c CRAI 
090 |a 0001 P438p  
100 |a Pérez Sáinz, Juan Pablo  
245 |a Capítulo IV. Las penurias de la exclusión social /  |c Juan Pablo Pérez Sáinz  
260 |a San José:   |b FLACSO  
300 |a 151-186 p.  
520 |a El presente texto presenta un deseo de recuperación de la visión donde los antagonistas sociales ocupen el lugar que les corresponde. Se limita a una perspectiva estructural, pero con consecuencias también para la comprensión de la acción social, se quiere cuestionar las perspectivas dominantes en el contexto latinoamericano basadas en las categorías de pobreza  
650 |a POBREZA  
650 |a EXCLUSION SOCIAL  
650 |a CAPITALISMO  
650 |a AMERICA CENTRAL  
700 |a Mora Salas, Minor  
942 |2 ddc  |c LI 
999 |c 703  |d 703 
773 0 |0 351  |9 2193  |a Pérez Sáinz, Juan Pablo   |d San José: FLACSO ; 2007  |o 03459  |t La persistencia de la miseria en Centroamérica:   |w (cru CIDCACS/IIS)35713  |z 978-9977-68-147-4